|
|
|
|
| LEADER |
00000nam2a2200000 4500 |
| 001 |
280214 |
| 005 |
20231101235302.0 |
| 035 |
|
|
|a (RuTPU)RU\TPU\book\303523
|
| 035 |
|
|
|a RU\TPU\book\288801
|
| 090 |
|
|
|a 280214
|
| 100 |
|
|
|a 20141226d1986 k y0rusy50 ca
|
| 101 |
0 |
|
|a rus
|
| 102 |
|
|
|a RU
|
| 105 |
|
|
|a a z 001zy
|
| 200 |
0 |
|
|a Вып. 32 : Методы решения задач упрогости и пластичности
|
| 210 |
|
|
|d 1986
|
| 215 |
|
|
|a 140 с.
|
| 320 |
|
|
|a Библиогр. в конце статей
|
| 461 |
|
1 |
|0 (RuTPU)RU\TPU\book\121455
|t Прикладные проблемы прочности и пластичности
|o всесоюзный межвузовский сборник
|f Горьковский государственный университет им. Н. И. Лобачевского (ГГУ)
|v Вып. 32 : Методы решения задач упрогости и пластичности
|d 1975-1999
|
| 606 |
1 |
|
|a Механика деформируемых тел
|x (сопротивление материалов)
|2 stltpush
|3 (RuTPU)RU\TPU\subj\43566
|9 63053
|
| 610 |
1 |
|
|a прочность
|
| 610 |
1 |
|
|a пластичность
|
| 610 |
1 |
|
|a задачи
|
| 610 |
1 |
|
|a решение
|
| 610 |
1 |
|
|a двухслойные схемы
|
| 610 |
1 |
|
|a изопараметрический элемент
|
| 610 |
1 |
|
|a расчет
|
| 610 |
1 |
|
|a вязкоупругие оболочки
|
| 610 |
1 |
|
|a манжетные мембраны
|
| 610 |
1 |
|
|a деформирование
|
| 610 |
1 |
|
|a исследование
|
| 675 |
|
|
|a 539.37
|v 4
|
| 801 |
|
0 |
|a RU
|b 63413507
|c 19950417
|g psbo
|
| 801 |
|
1 |
|a RU
|b 63413507
|c 20140206
|
| 801 |
|
2 |
|a RU
|b 63413507
|c 20170428
|g RCR
|
| 942 |
|
|
|c BK
|